Statistics for Clone Wars Decoder

Click here to take the quiz!

General Stats

  • This quiz has been taken 20 times
  • The average score is 15 of 26

Answer Stats

LetterHintAnswer% Correct
17.O"Good soldiers follow _____."orders
100%
4.AElite clone trooper title given to clones such as Fives and EchoARC
94%
21.EOnly member of Domino Squad alive in season 7Echo
89%
13.FFives' killerFox
89%
18.UDark planet where General Krell betrayed his soldiersUmbara
83%
5.CRank that Wilhuff Tarkin held when he first met Anakin SkywalkerCaptain
78%
14.IPlanet where Jedi younglings find their kyber crystalsIlum
72%
25.YSurname of admiral that who frequently worked with Anakin SkywalkerYularen
72%
12.EShip type that Plo Koon and clones defend from droids after their encounter with the Malevolenceescape pod
67%
16.EJedi Master who was rescued from the Separatist prison known as the CitadelEven Piell
67%
3.RMaze in which Kamino is located{Rishi} Maze
67%
2.UWhere Mon Calamari and Quarren live{under}water
67%
11.DName of team that Colonel Gascon leads{D}-Squad
61%
22.GClone commando who recovers from amnesia on AbafarGregor
61%
6.TPlanet where Jabba's son is being held in a monasteryTeth
61%
15.NKit Fisto's former padawan who was killed in Grievous' lairNahdar Vebb
56%
19.RAnakin Skywalker's flagship Venator-class Star DestroyerResolute
44%
9.NTwi'lek girl who befriends Waxer and Boil on RylothNuma
44%
23.AClone trooper with an downwards arrow decal on his helmetAppo
39%
7.ITitle of the episode where question 9 happens{Innocents} of Ryloth
39%
20.LSeparatist facility where R2-D2 and R3-S6 duel{listening} post
39%
1.OSnowy/icy planet in the Pantora systemOrto Plutonia
39%
QuoteOur actions define our legacy
39%
24.CPlanet that Mon Mothma represents in the Galactic SenateChandrila
28%
8.OTitle of the episode where Anakin, Obi-Wan and Ahsoka land on MortisOverlords
22%
10.SLeader of the Force Priestesses that Yoda encountersSerenity
22%

Score Distribution

Percentile by Number Answered

Percent of People with Each Score

Your Score History

You have not taken this quiz